000 00832nas a2200289 4500
001 BR2017003354
003 BR-BrBNA
005 20231205131159.0
007 ta
008 230509b bl.|||p| |||| 00| 00por d
040 _aBR-BrBNA
_bpor
_cBiblioteca Nacional de Agricultura
041 _a(Pt)
072 _aL70
100 1 _aCassol, D.M.S.
100 1 _aMassari, P.
245 1 _aNovos desafios da produção leiteira
650 _aAGRONEGÓCIO
650 _aPRODUÇÃO LEITEIRA
650 _aCONTAMINAÇÃO
650 _aLEGISLAÇÃO
650 _aINSPEÇÃO SANITÁRIA
650 _aHIGIENE ALIMENTAR
650 _aVETERINÁRIA
773 0 _tA Hora Veterinária (Brazil)
_xISSN 0101-9163
_g(Nov-Dec 2011), v. 31(184) p. 39-41
_wBR2017003354
909 _a202311
_bLúcia
_c55
_dLúcia Elande
942 _2AGRIS
_n0
_cANA
999 _c253423
_d253423